000 00539nam a2200181 4500
001 19756
005 20230410123922.0
008 060907n2003 dr spa
020 _a9707013141
035 _9funglode19907
041 _aES
050 1 4 _aLA 428 C346s 2003
100 _aCastaños-Lomnitz, Heriberta
245 1 3 _aLa sociedad del mañana :
_buniversidad, ética y sustentabilidad /
_cHeriberta Castaños-Lomnitz
260 _aMéxico :
_bEditorial Miguel Angel Porrua,
_c2003
300 _a179 p.
942 _2lcc
_cbk
999 _c68188
_d68188